000 00410nam a2200145Ia 4500
008 100415s9999 xx 000 0 und d
082 _b10135
_a581.16(54)
100 _aSmith,M.A
245 _aThe Fauna Of British India Vol. 2
260 _aHARYANA
_c1974
_bTODAY & TOMORROW
365 _b0
630 _aThe Fauna Of British India Vol. 2
730 _aThe Fauna Of British India Vol. 2
942 _cBOOK
999 _c593064
_d593061